000 00898nam a2200253 a 4500
001 000038784
005 20201002031353.0
008 130422s1999 dr a 001 0 spa d
040 _aDO-SdBNP
_bspa
_cBNPHU
082 _a299.675
_bM665v, 1999
100 1 _aMiniño Marión-Landais, Manuel Marino
_937374
245 1 0 _a¿Es el vudú religión? :
_bel vudú dominicano /
_cMarino Manuel Miniño.
250 _a2ª ed.
260 _aSanto Domingo :
_bImpresos Isla,
_c1999.
300 _a59 p. :
_bil. ;
_c22 cm.
490 1 _aAntología de nuestra voz
_v20
590 _aInventariado, 2018/VM
650 4 _aVudú
_zRepública Dominicana
_910916
650 4 _aBrujería
_910917
650 4 _aMagia
_zRepública Dominicana
_91918
651 4 _aRepública Dominicana
_xVida Religiosa Y Costumbres
_96935
830 0 _aAntología de nuestra voz
_v20
_923130
910 _aValidado. Control de calidad EMS
999 _c38274
_d38274